| 000 | 01118naa a22002897a 4500 | ||
|---|---|---|---|
| 001 | BR6004418 | ||
| 003 | BR-BrBNA | ||
| 005 | 20240918172852.0 | ||
| 007 | ta | ||
| 008 | 230509b bl.||||| |||| 00| 0 por d | ||
| 040 |
_aBR-BrBNA _bpor _cBiblioteca Nacional de Agricultura |
||
| 041 | _a(Pt) | ||
| 072 |
_aK10 _b/G514 |
||
| 090 | _aK10 BR6004418 | ||
| 100 | 1 | _aFraisse, A.W. | |
| 111 | 1 |
_a5. Congresso Brasileiro dos Estudantes de Engenharia Florestal _cVicosa, MG (Brazil) _d31 Nov 1972 |
|
| 245 | 1 | _aReflorestamento em Minas Gerais, porque, onde, com que, para que, beneficios e deficiencias [Brasil] | |
| 260 | 3 |
_aVicosa, MG (Brasil): _c1972. |
|
| 500 | _aAnais do 5. Congresso Brasileiro dos Estudantes de Engenharia Florestal Vicosa, MG (Brasil): 1972. p. 27-41 (BR6004418-AM)K10 | ||
| 650 | _aProducao florestal | ||
| 650 | _aReflorestamento | ||
| 650 | _aFloresta | ||
| 650 | _aMinas Gerais | ||
| 773 | 0 |
_tAnais do 5. Congresso Brasileiro dos Estudantes de Engenharia Florestal _wK10 BR6004418 _gVicosa, MG (Brasil), 1972. p. 27-41 |
|
| 909 |
_a202404 _bLucia _c55 _dLucia Elande |
||
| 942 |
_cAM _2AGRIS |
||
| 999 |
_c301816 _d301816 |
||